Sports Quiz

Random Sports or Basketball Quiz

Highest Scoring NBA Trios (2000s) Quiz Stats

 Plays Quiz Updated May 2, 2014

Support Sporcle.
Go Orange.
Score 0/129 Timer 12:00
0 Plays Today
% Correct
Kobe Bryant
99.3%
Kobe Bryant
99.3%
Kobe Bryant
99.3%
Kobe Bryant
99.3%
Kobe Bryant
99.3%
Kobe Bryant
99.3%
Kobe Bryant
99.3%
Shaquille O'Neal
97.9%
Shaquille O'Neal
97.9%
Shaquille O'Neal
97.9%
Shaquille O'Neal
97.9%
Shaquille O'Neal
97.9%
Lebron James
94.9%
Lebron James
94.8%
Mike James
93.8%
Allen Iverson
92.2%
Allen Iverson
92.2%
Kevin Durant
92%
Steve Nash
92%
Steve Nash
92%
Steve Nash
92%
Kevin Durant
92%
Steve Nash
92%
Dirk Nowitzki
90.9%
Dirk Nowitzki
90.9%
Dirk Nowitzki
90.9%
Dirk Nowitzki
90.9%
Carmelo Anthony
90.4%
Carmelo Anthony
90.4%
David West
89.7%
Russell Westbrook
88.8%
Russell Westbrook
88.8%
Kevin Garnett
88.4%
Paul Pierce
86.5%
Paul Pierce
86.4%
Ray Allen
86.1%
Ray Allen
86.1%
Pau Gasol
86%
Dwyane Wade
85.1%
Dwight Howard
83.8%
Gilbert Arenas
83.5%
Gilbert Arenas
83.5%
Josh Howard
83.3%
% Correct
Josh Howard
83.3%
Juwan Howard
83.2%
Amare Stoudemire
81.9%
Amare Stoudemire
81.9%
Amare Stoudemire
81.8%
Amare Stoudemire
81.8%
Vince Carter
78.1%
Chris Paul
77.3%
Stephen Curry
77.1%
Derek Fisher
76.4%
Derek Fisher
76.4%
Chris Bosh
75%
Chris Webber
74.6%
Chris Webber
74.6%
Shawn Marion
69.4%
Shawn Marion
69.4%
Shawn Marion
69.3%
Tracy McGrady
68.3%
Monta Ellis
68.1%
Monta Ellis
68.1%
Joe Johnson
66.9%
Baron Davis
66.3%
Zach Randolph
66.1%
Antawn Jamison
64.1%
Antawn Jamison
64.1%
Elton Brand
63.6%
Elton Brand
63.4%
JR Smith
60.9%
Antoine Walker
58.3%
Antoine Walker
58.3%
Peja Stojakovic
57.7%
Peja Stojakovic
57.7%
Chauncey Billups
57.3%
Rashard Lewis
57%
Rashard Lewis
56.9%
Lamar Odom
54.8%
Lamar Odom
54.6%
Gary Payton
53.3%
Jason Terry
53.3%
Jason Terry
53.3%
Jason Terry
53.3%
Richard Jefferson
52.3%
Rudy Gay
51%
% Correct
Ben Gordon
50.9%
Sam Cassell
50.1%
Sam Cassell
50.1%
Sam Cassell
50%
Zydrunas Ilgauskas
49.9%
Zydrunas Ilgauskas
49.8%
Rick Fox
49.6%
Stephen Jackson
49.1%
Kenyon Martin
47.9%
Caron Butler
45.7%
Luol Deng
45.6%
Caron Butler
45.6%
Michael Finley
45.5%
Michael Finley
45.5%
Andre Iguodala
44.2%
Glenn Robinson
42.6%
Glenn Robinson
42.6%
Hedo Turkoglu
42%
Stephon Marbury
40%
Jeff Green
38.9%
Jeff Green
38.8%
Kirk Hinrich
38.5%
Eddie Jones
38.2%
Latrell Sprewell
36.2%
Smush Parker
36.1%
Corey Maggette
33.3%
Corey Maggette
33.3%
OJ Mayo
32.4%
Doug Christie
30.1%
Shareef Abdur-Rahim
23.7%
Leandro Barbosa
21.6%
Kenny Anderson
21.6%
Morris Peterson
16.3%
Drew Gooden
15.4%
Drew Gooden
15.4%
Drew Gooden
15.4%
Cuttino Mobley
14.9%
Luke Ridnour
9.9%
DeShawn Stevenson
8.4%
Nenad Krstic
5.2%
Chucky Atkins
3.4%
Bobby Simmons
3.3%
Bryant Stith
1.7%

From the Vault

Portrait of an Artist: Nirvana

by bhenderson79

Music 10m
Nevermind that it's been 25 years - Nirvana still entertains us.
Remove Ads.
Support Sporcle.
Get the best of Sporcle when you Go Orange. This ad-free experience offers more features, more stats, and more fun while also helping to support Sporcle. Thank you for becoming a member.

Show Comments

Extras

Top Quizzes Today


Score Distribution

Your Account Isn't Verified!

In order to create a playlist on Sporcle, you need to verify the email address you used during registration. Go to your Sporcle Settings to finish the process.

Report this User

Report this user for behavior that violates our Community Guidelines.

Details: